000 01085cam a2200241 4500
001 ABS62681
008 000000n2000 000 0 eng u
035 _a(Sirsi) u107942
100 _aMcGuiness, J.
245 _aContract management issues for subcontractors
260 _c2000
490 _aConstruction Information Quarterly
_v2(2) July 2000, 19-27(9)
520 _aProvides an introduction to the problems that frequently arise in the course of construction contracts, particularly where a specialist is responsible for design development and on-site installation. Covers enquiry and tender, pre-contract negotiations, the contract, design stage, procurement and manufacture, on-site work, payment, completion, pricing variations, extensions of time, disruption costs and disputes.
590 _aABS
650 _aSUBCONTRACTORS
650 _aCONTRACT MANAGEMENT
650 _aDISPUTE RESOLUTION
_96236
650 _aTENDERING
650 _aEXTENSIONS OF TIME
650 _aPRICING VARIATIONS
690 _aBUILT ENVIRONMENT-BUILDING CONTRACT FORMS
942 _n0
999 _c64477
_d64477